000 00561nam a2200181Ia 4500
008 100920s9999 xx 000 0 und d
082 _b61370
_a891.464 थ 93
100 _aखरे नंदा.
245 _a2050 वीसशेपन्नास.
260 _bग्रंथाली, मुंबई.
_c1993
300 _a146
_bसाधी
365 _b60
520 _aनिबंध.
630 _a2050 वीसशेपन्नास.
650 _aनिबंध.
730 _a2050 वीसशेपन्नास.
942 _cBOOK
999 _c704582
_d704579